Gemeinden im Landkreis Waldeck-Frankenberg - Statistiken

Allgemein
  • Dieses Quiz wurde 20 mal gespielt
  • Das Durchschnittsergebnis liegt bei 13 aus 21
Antwortstatistiken
Antwort % Korrekt
Frankenberg (Eder)
83%
Korbach
78%
Waldeck
78%
Bad Wildungen
72%
Bad Arolsen
67%
Diemelstadt
67%
Frankenau
67%
Willingen (Upland)
67%
Allendorf (Eder)
61%
Edertal
61%
Haina (Kloster)
61%
Vöhl
61%
Battenberg (Eder)
56%
Diemelsee
56%
Gemünden (Wohra)
56%
Rosenthal
56%
Twistetal
56%
Volkmarsen
50%
Hatzfeld (Eder)
44%
Lichtenfels
44%
Burgwald
39%
Keine übereinstimmenden Quizze gefunden
Verteilung der Resultate
Anzahl Personen mit jedem Resultat
Perzentil nach korrekt beantworteten Fragen
Ihre Resultats-Entwicklung
Sie haben dieses Quiz noch nicht gespielt